[Event "Toronto NAYCC U14"]
[Site "Toronto"]
[Date "2013.08.18"]
[Round "9"]
[White "Wang, Eric1111"]
[Black "Sirkovich, Daniel"]
[Result "1-0"]
[WhiteElo "1870"]
[BlackElo "1768"]
[PlyCount "121"]
[EventDate "2013.08.14"]
[EventType "swiss"]
[EventRounds "9"]
[EventCountry "CAN"]
[SourceTitle "EXT 2022"]
[Source "ChessBase"]
[SourceDate "2021.10.06"]
[SourceVersion "1"]
[SourceVersionDate "2021.10.06"]
[SourceQuality "1"]

1. c4 Nf6 2. Nc3 e6 3. g3 c5 4. Nf3 Nc6 5. Bg2 Be7 6. 0-0 0-0 7. b3 b6 8. d4 cxd4 9. Nxd4 Bb7 10. e4 Nxd4 11. Qxd4 Bc5 12. Qd3 Qc7 13. Bb2 d6 14. a3 e5 15. Rae1 Bd4 16. Nb5 Qe7 17. Nxd4 exd4 18. Qxd4 Rad8 19. Qd3 Rfe8 20. Bxf6 Qxf6 21. Re2 Bc8 22. Rd2 Be6 23. Rfd1 Rd7 24. Qe3 Red8 25. Rd4 Qe7 26. h3 h6 27. f4 f6 28. a4 Bf7 29. Kh2 d5 30. Qd2 Kh8 31. exd5 Re8 32. Re4 Qd6 33. Rde1 Rxe4 34. Rxe4 Rd8 35. Qe3 a6 36. Re7 Bg6 37. Re6 Qc7 38. Qxb6 Qxb6 39. Rxb6 Ra8 40. d6 Ra7 41. c5 Bf5 42. c6 Kh7 43. d7 Bxd7 44. cxd7 Rxd7 45. Rxa6 f5 46. b4 Rd4 47. b5 Rb4 48. b6 Kg8 49. b7 Kf7 50. Ra8 g5 51. b8Q Rxb8 52. Rxb8 gxf4 53. gxf4 h5 54. a5 h4 55. Rb6 Ke7 56. a6 Kd7 57. Rc6 Kd8 58. a7 Kd7 59. a8Q Ke7 60. Qb7+ Kd8 61. Rc8# 1-0

[Event "Toronto NAYCC U14"]
[Site "Toronto"]
[Date "2013.08.17"]
[Round "6"]
[White "Roque Sola, Jose Luis"]
[Black "Sirkovich, Daniel"]
[Result "1-0"]
[WhiteElo "1747"]
[BlackElo "1768"]
[PlyCount "49"]
[EventDate "2013.08.14"]
[EventType "swiss"]
[EventRounds "9"]
[EventCountry "CAN"]
[SourceTitle "EXT 2022"]
[Source "ChessBase"]
[SourceDate "2021.10.06"]
[SourceVersion "1"]
[SourceVersionDate "2021.10.06"]
[SourceQuality "1"]

1. e4 c5 2. Nf3 d6 3. d4 cxd4 4. Nxd4 Nf6 5. Nc3 g6 6. Be3 Bg7 7. f3 0-0 8. Qd2 Nc6 9. Bc4 Bd7 10. 0-0-0 Rc8 11. Bb3 a6 12. g4 Ne5 13. Bh6 Nc4 14. Bxc4 Rxc4 15. Bxg7 Kxg7 16. h4 Qc7 17. h5 b5 18. hxg6 fxg6 19. Nd5 Nxd5 20. exd5 Rh8 21. Qg5 Kf7 22. Rhe1 Re8 23. Qh6 Rh8 24. Qf4+ Ke8 25. Qf6 1-0

[Event "Canadian op U1600 48th"]
[Site "Toronto"]
[Date "2011.07.13"]
[Round "5"]
[White "Sirkovich, Daniel"]
[Black "Yu, Stephen"]
[Result "1/2-1/2"]
[WhiteElo "1206"]
[BlackElo "1334"]
[PlyCount "101"]
[EventDate "2011.07.09"]
[EventType "swiss"]
[EventRounds "9"]
[EventCountry "CAN"]
[SourceTitle "EXT 2022"]
[Source "ChessBase"]
[SourceDate "2021.10.06"]
[SourceVersion "1"]
[SourceVersionDate "2021.10.06"]
[SourceQuality "1"]

1. e4 c5 2. Nf3 d6 3. d4 cxd4 4. Nxd4 Nf6 5. Nc3 a6 6. Be3 e5 7. Nf3 Qc7 8. Be2 Be6 9. Bd2 Be7 10. 0-0 0-0 11. Re1 b5 12. Bg5 Nbd7 13. Bxf6 Nxf6 14. Bf1 Rfd8 15. Nd5 Bxd5 16. exd5 Qc5 17. Bd3 h6 18. Be4 Rac8 19. c3 Nxe4 20. Rxe4 f5 21. Re2 g5 22. Qc2 Rf8 23. Nxe5 dxe5 24. Rxe5 Qd6 25. Rxf5 Rxf5 26. Qxf5 Rf8 27. Qd3 Qb6 28. Rf1 Qf6 29. f3 Bc5+ 30. Kh1 g4 31. b4 Ba7 32. c4 bxc4 33. Qxc4 h5 34. d6+ Kg7 35. Qxa6 Rf7 36. Qd3 Rd7 37. fxg4 Rxd6 38. Qf5 Qxf5 39. gxf5 Kf6 40. a4 Rd4 41. Rb1 Kxf5 42. a5 Rd2 43. b5 Ra2 44. a6 Bb6 45. h3 h4 46. Kh2 Kf4 47. Rb4+ Ke3 48. Rb3+ Kf2 49. Rb1 Bc7+ 50. Kh1 Bb6 51. Kh2 1/2-1/2

[Event "CAN-ch U10"]
[Site "Victoria"]
[Date "2009.07.21"]
[Round "2"]
[White "Sirkovich, Daniel"]
[Black "Awatramani, Janak"]
[Result "0-1"]
[WhiteElo "1292"]
[BlackElo "1761"]
[PlyCount "96"]
[EventDate "2009.07.21"]
[EventType "swiss"]
[EventRounds "7"]
[EventCountry "CAN"]
[SourceTitle "EXT 2011"]
[Source "ChessBase"]
[SourceDate "2010.11.26"]
[SourceVersion "1"]
[SourceVersionDate "2010.11.26"]
[SourceQuality "1"]

1. e4 b6 2. Nf3 Bb7 3. Nc3 e6 4. d4 Nf6 5. Bg5 Be7 6. Bxf6 Bxf6 7. e5 Be7 8. g3 0-0 9. Bd3 f5 10. exf6 Bxf6 11. Ne4 d5 12. Nxf6+ Qxf6 13. Qe2 Qxf3 14. Qxf3 Rxf3 15. Rf1 Nc6 16. Be2 Rf6 17. 0-0-0 Raf8 18. f4 Nb4 19. a3 Ba6 20. Bxa6 Nxa6 21. h4 h5 22. Rd3 g6 23. Rdf3 Rc8 24. Rg1 c5 25. dxc5 Nxc5 26. g4 Rxf4 27. Rfg3 Ne4 28. R3g2 Rxg4 29. Rxg4 hxg4 30. Rxg4 Kh7 31. Rf4 Kg7 32. Rg4 Rf8 33. Kb1 Rf1+ 34. Ka2 Rf2 35. h5 g5 36. a4 Rxc2 37. Kb1 Rc4 38. Ka1 Kh6 39. Rg2 Rxa4+ 40. Kb1 Rd4 41. b3 g4 42. Ka2 Rd2+ 43. Rxd2 Nxd2 44. b4 g3 45. b5 g2 46. Ka3 g1Q 47. Ka4 Qd4+ 48. Ka3 Qc3+ 0-1

[Event "CAN-ch U08"]
[Site "Ottawa"]
[Date "2007.07.06"]
[Round "7"]
[White "Sirkovich, Daniel"]
[Black "Carradice, Lemuel"]
[Result "1-0"]
[WhiteElo "1055"]
[BlackElo "902"]
[PlyCount "53"]
[EventDate "2007.07.03"]
[EventType "swiss"]
[EventRounds "7"]
[EventCountry "CAN"]
[SourceTitle "EXT 2022"]
[Source "ChessBase"]
[SourceDate "2021.10.06"]
[SourceVersion "1"]
[SourceVersionDate "2021.10.06"]
[SourceQuality "1"]

1. e4 g6 2. Nf3 Nc6 3. Bc4 Bg7 4. Ng5 f6 5. Nf7 d6 6. Nxd8 Nxd8 7. 0-0 e6 8. d4 Bd7 9. d5 c6 10. dxe6 Bxe6 11. Bxe6 Nxe6 12. Qxd6 Bf8 13. Qxe6+ Be7 14. Bf4 g5 15. Bd6 c5 16. Rd1 Rd8 17. Nc3 Rxd6 18. Rxd6 Kf8 19. Qc8+ Kf7 20. Qe6+ Kg7 21. Rd7 a5 22. Nd5 Kg6 23. Nxe7+ Nxe7 24. Qxe7 Kh5 25. Qxf6 Rg8 26. f3 a4 27. Rxh7# 1-0

[Event "CAN-ch U08"]
[Site "Ottawa"]
[Date "2007.07.04"]
[Round "3"]
[White "Sirkovich, Daniel"]
[Black "Roberge, Alexandre"]
[Result "1-0"]
[WhiteElo "1055"]
[BlackElo "743"]
[PlyCount "45"]
[EventDate "2007.07.03"]
[EventType "swiss"]
[EventRounds "7"]
[EventCountry "CAN"]
[SourceTitle "EXT 2022"]
[Source "ChessBase"]
[SourceDate "2021.10.06"]
[SourceVersion "1"]
[SourceVersionDate "2021.10.06"]
[SourceQuality "1"]

1. e4 e5 2. Nf3 Nc6 3. Bc4 Bc5 4. Nc3 Nf6 5. d3 0-0 6. Bg5 d6 7. Nd5 Bg4 8. Nxf6+ Kh8 9. h3 Bc8 10. Nh4 Be6 11. Ng6+ hxg6 12. Qf3 Nd4 13. Qg3 Nf5 14. Qg4 Nh6 15. Bxh6 Bxg4 16. hxg4 Qxf6 17. Bg5+ Kg8 18. Bxf6 gxf6 19. 0-0-0 Bxf2 20. Rh3 c6 21. Rdh1 a5 22. Rh8+ Kg7 23. R1h7# 1-0